000 01047nam a2200253 i 4500
001 188260
003 ES-MaACL
005 20250808034530.0
008 180719s1896 sp |||| | spa d
100 1 _aArenal, Concepción,
_d1820-1893
_922591
245 1 3 _aEl derecho de gracia ante la justicia
_b; El reo, el pueblo y el verdugo ; El delito colectivo /
_cConcepción Arenal.
260 _aMadrid :
_bLibrería de Victoriano Suárez,
_c1896 (
_fEstab. tip. Sucesores de Rivadeneyra)
300 _a285 p. ;
_c18 cm.
490 1 _aObras completas de Concepción Arenal ;
_v12
530 _aDisponible en formato digital.
650 4 _aIndulto.
_9155559
650 0 7 _aPena de muerte
_2embne
_915915
740 3 2 _aEl reo, el pueblo y el verdugo.
740 3 2 _aEl delito colectivo.
830 0 _aObras completas de Concepción Arenal
_v12
_9193007
852 _aES-MaACL
_jD-2615
856 _uhttp://bibliotecadigital.jcyl.es/i18n/consulta/registro.cmd?id=31876
_zBiblioteca Digital de Castilla y León
999 _c188260
_d188260